[Event "36th European Club Cup 2021"]
[Site "Struga"]
[Date "2021.09.22"]
[Round "5.23"]
[White "Alekseev, Evgeny"]
[Black "Arngrimsson, Dagur"]
[Result "1-0"]
[WhiteElo "2610"]
[BlackElo "2383"]
[Annotator "TA"]
[PlyCount "69"]
[EventDate "2021.09.18"]
[EventType "team-tourn"]
[EventCountry "MKD"]
[SourceTitle "playchess.com"]
[Source "ChessBase"]
[SourceQuality "1"]

{[%evp 11,69,26,56,19,27,14,22,23,31,7,16,6,14,21,29,19,17,11,50,46,88,79,66,
83,85,90,86,66,60,69,75,61,83,129,138,137,129,137,137,65,65,65,65,78,110,110,
110,77,224,121,316,320,335,302,551,550,551,539,609,602]} 1. e4 e5 2. Nf3 Nc6 3.
Bc4 Nf6 4. d3 h6 5. O-O d6 6. c3 g6 {6...g5 is more advanced technology.} 7.
Bb3 {C55: Two Knights: 4 d3, 4 d4 exd4 5 e5 and Max Lange Attack.} Bg7 8. Re1
O-O 9. h3 {The position is equal. was the old line (9.Nbd2).} Re8 10. Be3 {[#]}
d5 $146 ({Predecessor:} 10... Be6 11. Ba4 a6 12. Nbd2 Bd7 13. Bc2 d5 14. a3 Be6
15. b4 b6 16. Ba4 Bd7 {1/2-1/2 (52) Alekseev,E (2616)-Ivanchuk,V (2726) Riadh
2017}) 11. Nbd2 Be6 12. Ba4 Bd7 13. a3 a6 14. b4 d4 15. cxd4 exd4 16. Bf4 b5 {
[#] ...g5 is the strong threat.} 17. Bb3 a5 18. e5 Nh7 19. Ne4 (19. Bd5 {
seems wilder.} Nf8 20. Rc1 Ra6 21. Ne4 axb4 22. Nc5) 19... axb4 20. axb4 Rxa1
21. Qxa1 Be6 22. Bxe6 Rxe6 23. Nc5 Re8 24. Qa6 Qd5 25. Qb7 ({Don't play} 25.
Qxb5 $6 Rb8 $11) (25. e6 $1 $16 {[%cal Re6f7]}) 25... Nf8 $14 26. Rc1 Nxb4 {
[#] White must now prevent ...Qxb7.} 27. Qxb5 Na2 28. Rc4 $36 {[%mdl 2048]
White is really pushing.} c6 29. Qb2 Ra8 (29... Nc3 $16) 30. Qxd4 (30. Nxd4 $18
{Hoping for Na4.} Bxe5 31. Bxe5 (31. Bxh6 Rb8 $14) 31... Qxe5 32. f4) 30... Ne6
$2 (30... g5 $16) 31. Nxe6 $18 Qxe6 32. Qb6 Qf5 $2 (32... Qe8 33. Qxc6 Qxc6 34.
Rxc6 Nb4) 33. Qxc6 {White is clearly winning.} Rd8 34. Qa4 g5 35. Bg3 {
Weighted Error Value: White=0.15/Black=0.28} 1-0

[Event "36th European Club Cup 2021"]
[Site "Struga"]
[Date "2021.09.22"]
[Round "5.24"]
[White "Lagerman, Robert"]
[Black "Sychev, Klementy"]
[Result "1/2-1/2"]
[WhiteElo "2300"]
[BlackElo "2556"]
[Annotator "TA"]
[PlyCount "145"]
[EventDate "2021.09.18"]
[EventType "team-tourn"]
[EventCountry "MKD"]
[SourceTitle "playchess.com"]
[Source "ChessBase"]
[SourceQuality "1"]

{[%evp 11,145,7,0,-14,0,-16,0,0,5,6,147,172,197,200,231,223,210,214,238,-7,-14,
-8,-9,-12,-10,-3,-2,-4,-14,-17,0,0,10,0,6,-10,-14,-16,-14,-20,-12,-27,-31,-31,
-35,-33,-33,-137,-166,-235,-221,-256,-252,-327,-327,-322,-318,-285,-237,-379,
-212,-174,0,-357,-272,-258,-252,-236,-12,-12,-12,-12,-12,-14,0,0,0,0,0,0,0,0,0,
0,0,0,0,0,0,0,0,0,0,0,0,0,0,0,0,0,0,0,0,-118,-118,-118,0,0,0,0,0,0,0,0,0,0,0,0,
0,0,0,0,0,0,0,0,0,0,0,0,0,0,0,0,0,0]} 1. e4 e5 2. Nf3 Nc6 3. d4 exd4 4. Bc4
Bb4+ 5. c3 dxc3 6. O-O Nf6 7. e5 {[#] C44: Ponziani Opening and Scotch Gambit.}
d5 $1 8. Bb5 (8. exf6 dxc4) 8... Ne4 9. Qa4 $1 {[%cal Ra4b4] [#]} O-O $146 ({
Predecessor:} 9... c2 10. Bxc6+ bxc6 11. Qxc6+ Bd7 12. Qxc2 O-O 13. Be3 Ba5 14.
a3 Bb6 15. Nbd2 Bf5 {1-0 (42) Staunton,H-Silberschmidt,H England 1844}) 10.
Bxc6 Bc5 (10... c2 $1 $11 {keeps the balance.}) 11. Bb5 $1 $16 c6 12. Bd3 Nxf2
13. Rxf2 Bxf2+ 14. Kxf2 Qb6+ {[#]} 15. Qd4 $2 (15. Be3 $1 $18 {[%cal Re3b6]}
Qxb2+ {[%mdl 64] Double Attack} 16. Kg1) 15... cxb2 $11 16. Bxb2 {Ba3 is the
strong threat.} c5 $36 {[%mdl 2048] Black fights for an advantage.} 17. Qc3 c4+
18. Qd4 cxd3 19. Qxb6 axb6 20. Bd4 Bf5 21. Nc3 Rfc8 22. Ke3 Be4 23. Nxe4 dxe4
24. Kxe4 Rc2 25. Kxd3 Raxa2 26. Rb1 Rxg2 27. Rxb6 Ra3+ 28. Bc3 $1 Rf2 29. Nd4 (
29. Ng1 $15) 29... Rxh2 $17 30. Nb5 (30. Rxb7 {was called for.} h5 31. Nb5 Rh3+
32. Kc4 Ra4+ 33. Kc5) 30... Rh3+ $19 31. Kc4 {[#]} Ra4+ 32. Kb3 Re4 33. Rxb7 {
[%cal Rb7b8]} h5 34. Nd6 Rxe5 35. Kb4 (35. Rxf7 $142 Rg5 36. Rf1) 35... Rh4+ (
35... Ree3 $142 36. Rc7 Rhf3) 36. Kb3 Rh3 $2 (36... Rc5 37. Rxf7 Rg4) 37. Kb4
$1 Rg5 38. Rb8+ Kh7 {Threatens to win with ...Rg4+.} 39. Nxf7 Rf5 (39... Rg4+
$19 40. Kb3 Rgg3) 40. Rh8+ $11 Kg6 41. Ne5+ Kg5 42. Rg8 $1 Rxc3 {[%mdl 64]
Remove Defender} 43. Kxc3 Rxe5 44. Rxg7+ {[%mdl 4096] Endgame KR-KR} Kf6 (44...
Kf4 {feels hotter.} 45. Kd3 Re3+ 46. Kd2 Re8 47. Kd3 Re6) 45. Kd4 Re8 (45... h4
{with more complications.} 46. Rh7 Ra5 47. Ke3 Ra3+ 48. Ke2 Ra2+) 46. Rg2 Kf5 (
46... h4 $5 47. Rg4 $8 Rh8 $11) 47. Kd3 Kf4 48. Rf2+ Kg3 49. Rf7 h4 50. Rg7+
Kf2 51. Rf7+ $1 Kg2 {aiming for ...Kh2.} (51... Kg1 $5) 52. Rg7+ Kf3 (52... Kf1
$5) 53. Rf7+ Kg4 54. Rg7+ Kf4 {Hoping for ...Re5.} 55. Rf7+ Kg5 56. Rg7+ Kh6 (
56... Kf6 {is interesting.} 57. Rh7 Rd8+ 58. Ke2 Re8+ 59. Kd3) 57. Rg4 (57. Rg2
$11) 57... Kh5 $17 58. Rg7 h3 (58... Re6 $17 {White must now prevent ...h3.}
59. Rh7+ Kg4 60. Rg7+ Kh5 61. Rh7+ Kg5) 59. Rh7+ $11 {The position is equal.}
Kg4 60. Rg7+ Kf3 61. Rf7+ $1 Kg2 {And now ...Rg8 would win.} 62. Rg7+ Kf2 (
62... Kf1 {is more complex.} 63. Rh7 Kg2 64. Rg7+) 63. Rf7+ $1 Ke1 (63... Kg3 {
seems wilder.} 64. Rg7+ Kh2 65. Kd2 Kh1 66. Rg4 Rf8) 64. Rh7 Ra8 (64... h2 {
looks sharper.} 65. Rxh2 Rf8 66. Rh1+ Kf2 67. Ke4 Re8+) 65. Re7+ $1 Kd1 (65...
Kf1 {with more complications.} 66. Rf7+ Kg1 67. Rg7+ Kh2 68. Ke2 Rf8) 66. Ke3
Rh8 {Strongly threatening ...h2.} 67. Kf2 h2 68. Re1+ Kd2 69. Rh1 Rh7 70. Kg2
Ke2 {( -> ...Rg7+)} 71. Rxh2 Rg7+ 72. Kh1+ Kf1 {[%csl Gf1][%cal Rg7g1]} 73. Rh8
{What a bad dream for Black.  Weighted Error Value: White=0.18/Black=0.30}
1/2-1/2

[Event "36th European Club Cup 2021"]
[Site "Struga"]
[Date "2021.09.22"]
[Round "5.25"]
[White "Berkes, Ferenc"]
[Black "Nevednichy, Vladislav"]
[Result "1-0"]
[WhiteElo "2671"]
[BlackElo "2498"]
[Annotator "TA"]
[PlyCount "95"]
[EventDate "2021.09.18"]
[EventType "team-tourn"]
[EventCountry "MKD"]
[SourceTitle "playchess.com"]
[Source "ChessBase"]
[SourceQuality "1"]

{[%evp 11,95,0,0,-6,3,12,13,18,28,22,24,25,23,20,35,32,40,34,34,39,28,16,49,34,
41,22,35,0,54,9,68,63,83,79,68,66,64,72,64,64,75,62,100,83,165,182,193,174,305,
221,229,216,192,205,220,179,182,107,160,134,135,133,362,389,381,367,376,354,
761,771,683,667,679,541,249,884,847,850,1014,992,963,915,1336,1267,1575,1355]} 
1. d4 Nf6 2. Nf3 g6 3. Bf4 Bg7 4. e3 O-O 5. h3 d6 6. c3 Nbd7 7. Bh2 {A48: 1 d4
Nf6 2 Nf3 g6: Torre, London and Colle Systems.} e6 {[#]} 8. a4 $146 ({
Predecessor:} 8. Bd3 Qe7 9. O-O e5 10. Be2 e4 11. Nfd2 h5 12. c4 Re8 13. Nc3
Nf8 14. Rc1 {1-0 (44) Rusev,K (2541)-Berg,E (2558) Vaxjo 2015}) 8... Qe7 9. a5
{The position is equal.} a6 10. Be2 Ne4 11. O-O f5 12. Nbd2 Nxd2 13. Nxd2 e5
14. Re1 Kh8 15. Qb3 g5 16. Rad1 Rb8 17. Qb4 Ra8 18. Kh1 Rg8 19. f3 Rf8 (19...
e4 $11) 20. Nc4 (20. f4 {is more complex.} gxf4 21. dxe5 Nxe5 22. exf4 Nc6 23.
Qb3) 20... Re8 ({Black should try} 20... e4 $11) 21. dxe5 $14 Nxe5 22. Nxe5
Bxe5 23. Bxe5+ Qxe5 24. f4 Qg7 (24... Qxe3 $2 25. Bf3 $18) 25. fxg5 Qxg5 26.
Bf3 Re5 27. Rd5 {Threatens to win with Rxe5.} (27. Bxb7 $2 Rb8 $19) 27... Rxd5
(27... Re8 $16) 28. Bxd5 $18 Qe7 29. e4 ({Wrong is} 29. Bxb7 $2 c5 $1 $19 {
[%mdl 512]}) 29... c5 (29... Qe5 $142 30. Ba2 (30. Bxb7 Rb8 $17) 30... f4) 30.
Qb3 Rb8 31. c4 Qe5 32. Rf1 Bd7 33. exf5 Bxf5 34. Qf3 ({Don't go for} 34. Bxb7
$2 Be4 $19) (34. Qd1 $18) 34... Bg6 (34... Be6 $142) 35. Qf6+ Qxf6 36. Rxf6 $16
{[%mdl 4096] Endgame KRB-KRB} b5 $2 {Black cannot hold the game after this.} (
36... Rd8 $16 {might work better.}) 37. Rxd6 $18 bxc4 {[#]} 38. Rb6 {[%cal
Rb6b8]} Rd8 39. Bxc4 Bd3 $2 (39... Be4 40. Bxa6 Ra8) 40. Bxd3 Rxd3 41. Rxa6 {
KR-KR} Kg7 42. Rb6 Rd1+ 43. Kh2 Ra1 {White is clearly winning.} 44. a6 c4 45.
Kg3 Ra4 46. Kf3 h5 47. Ke3 h4 48. Kd4 {Weighted Error Value: White=0.16/
Black=0.32} 1-0

[Event "36th European Club Cup 2021"]
[Site "Struga"]
[Date "2021.09.22"]
[Round "5.26"]
[White "Nikolovski, Nikola"]
[Black "Banusz, Tamas"]
[Result "0-1"]
[WhiteElo "2409"]
[BlackElo "2641"]
[Annotator "TA"]
[PlyCount "70"]
[EventDate "2021.09.18"]
[EventType "team-tourn"]
[EventCountry "MKD"]
[SourceTitle "playchess.com"]
[Source "ChessBase"]
[SourceQuality "1"]

{[%evp 9,70,-35,14,17,6,5,10,7,1,0,0,0,0,0,0,0,0,0,14,21,15,11,13,-82,-82,-85,
-76,-107,-78,-95,-82,-239,-246,-251,-246,-211,-190,-286,-269,-542,-464,-510,
-501,-704,-504,-470,-504,-510,-510,-472,-496,-488,-320,-312,-323,-309,-308,
-712,-708,-702,-693,-671,-652]} 1. e4 e5 2. Nc3 Nf6 3. d4 exd4 4. Qxd4 Nc6 5.
Qd3 d5 6. Bf4 {[%cal Re4d5] [#] C26: Vienna Game: 2...Nf6, sidelines .} d4 $146
({Predecessor:} 6... dxe4 7. Qxd8+ Nxd8 8. Bxc7 Bb4 9. O-O-O Nc6 10. Bb5 Bxc3
11. Rd8+ Ke7 12. Rxh8 Be5 13. Bxc6 Bxc7 {1-0 (41) Dubov,D (2699)-So,W (2770)
chess24.com INT 2020}) 7. Nb5 Bb4+ 8. c3 {The position is equal.} dxc3 9. bxc3
Ba5 {And now ...a6 would win.} 10. Qxd8+ Kxd8 11. O-O-O+ Bd7 12. f3 a6 $36 {
[%mdl 2048] Black is pushing.} 13. Nd4 Ke7 14. Bc4 Bxc3 15. Nxc6+ Bxc6 16. Bxc7
(16. Ne2 $11 {keeps the balance.} Nh5 17. Bxc7) 16... Rhc8 $17 17. Bd6+ {[#]}
Ke8 $1 {Threatens to win with ...Nxe4!} 18. Bb3 Bb5 19. Kb1 {[#]} a5 $1 20. e5
$2 {[#] This costs White the game.} (20. a4 $17 Bc4 21. Bxc4 Rxc4 22. Rc1 (22.
Ne2 Bb4 $17)) 20... a4 $1 $19 21. Bc2 Nd7 22. Nh3 Ra5 ({Don't go for} 22...
Nxe5 $2 23. Bxe5 Bxe5 24. Rd5 $18) 23. Nf4 (23. Rd5 $142) 23... Bc4 {White
must now prevent ...Rb5+.} 24. Nh5 $2 (24. a3) 24... Rb5+ 25. Kc1 Bxa2 {
Hoping for ...Ba5.} 26. Nxg7+ Kd8 {aiming for ...Ba5.} 27. Nf5 {and if Be7+
works, White does fine.} Bb2+ 28. Kd2 Rd5+ 29. Bd3 Rc3 30. Ke2 {[#]} Rdxd3 {
[%mdl 512]} 31. Rxd3 Bc4 {[%mdl 64] Pin} 32. Rhd1 a3 ({Not} 32... Bxd3+ 33.
Rxd3 Rxd3 34. Kxd3 $17) 33. Ne3 $2 (33. Bxa3 Rxa3 {[%mdl 64] Pin} 34. f4) 33...
Bxd3+ {Black is clearly winning.} 34. Rxd3 a2 35. Rxc3 {and the idea Bc7+
leaves White hopeful.} a1=Q {Weighted Error Value: White=0.51/Black=0.13} 0-1

[Event "36th European Club Cup 2021"]
[Site "Struga"]
[Date "2021.09.22"]
[Round "5.27"]
[White "Papp, Gabor"]
[Black "Risteski, Emil"]
[Result "1/2-1/2"]
[WhiteElo "2599"]
[BlackElo "2320"]
[Annotator "TA"]
[PlyCount "109"]
[EventDate "2021.09.18"]
[EventType "team-tourn"]
[EventCountry "MKD"]
[SourceTitle "playchess.com"]
[Source "ChessBase"]
[SourceQuality "1"]

{[%evp 9,109,16,8,20,14,6,19,23,23,17,31,16,11,23,47,0,0,-2,27,37,23,21,19,27,
33,20,18,0,50,44,42,32,32,28,26,29,30,30,31,36,33,26,36,0,0,0,0,0,0,0,0,0,0,0,
0,0,0,0,0,-36,-12,-10,-14,-27,0,0,0,0,13,14,1,8,68,68,68,91,167,12,29,12,21,18,
28,23,150,8,8,0,0,0,0,0,0,0,0,0,0,0,0,0,0,0]} 1. e4 c5 2. Nf3 Nc6 3. Bb5 g6 4.
Bxc6 bxc6 5. d4 cxd4 6. Qxd4 {B31: Sicilian: 2...Nc6 3 Bb5 g6.} f6 7. O-O d6 8.
c4 c5 9. Qd3 Nh6 10. Nc3 Nf7 {[#]} 11. Nh4 $146 ({Predecessor:} 11. Be3 Bg7 12.
a3 f5 13. Ng5 O-O 14. Rad1 Qe8 15. b4 Rb8 16. Nb5 Nxg5 17. Bxg5 {1/2-1/2 (23)
Sosa,T (2524)-Kamsky,G (2685) Barcelona 2019}) 11... Ne5 12. Qd5 Bd7 13. b3 Bg7
(13... e6 $5 {[%cal Re6d5]} 14. Qd2 f5 $11) 14. f4 Nc6 {White must now prevent
...Nd4.} 15. Qd3 f5 16. exf5 gxf5 17. Bb2 O-O 18. Rae1 Nd4 19. Qg3 Kh8 20. Qh3
Kg8 21. Ne2 e5 22. Bxd4 exd4 23. Ng3 $1 {[%cal Rg3f5]} Qf6 24. Nh5 Qf7 25. Nxg7
Kxg7 26. Rf3 (26. b4 $5) 26... Rg8 27. Rg3+ Kh8 28. Nf3 Rae8 29. Rxg8+ Qxg8 30.
Qh6 Rxe1+ 31. Nxe1 {Hoping for Qf6+.} Qe8 {[%cal Re8e1]} 32. Qf6+ Kg8 {[%cal
Re8e1]} 33. Qg5+ Qg6 34. h4 Qxg5 (34... Kf7 {looks sharper.} 35. Qd8 Qe6 36.
Nf3 h6 37. b4 Qe7) 35. fxg5 $15 {[%mdl 4096] Endgame KB-KN} Bc6 36. Kf2 Be4 37.
Kg3 Bb1 38. Nf3 $1 Bxa2 39. Nd2 a5 40. Kf4 a4 (40... Kf8 $11) 41. bxa4 $14 {
Strongly threatening a5.} d5 42. cxd5 (42. Kxf5 dxc4 43. Nxc4 Bxc4 $19) 42...
Bxd5 {[#]} 43. Nf3 $2 (43. Kxf5 c4 $11) (43. h5 $1 $18) 43... h6 $1 $11 44.
gxh6 ({Avoid the trap} 44. Kxf5 $2 Bxf3 45. gxf3 d3 $19) 44... Kh7 45. a5 ({Not
} 45. Kxf5 $2 Bxf3 46. gxf3 d3 $19) 45... Bb7 46. g3 {Threatens to win with
Nd2.} Kxh6 {[#]} 47. Ne5 (47. Nd2 $1 $16) 47... Ba6 $1 {aiming for ...c4.The
position is equal.} 48. Kxf5 (48. Nc6 {seems wilder.} Kh5 49. Nb8 Bf1 50. a6
Bxa6 51. Nxa6 d3 52. Ke3) 48... c4 $1 {[%cal Bc5c4,Bc4c3,Bc3c2][%mdl 32]} 49.
Ke4 c3 {And now ...c2 would win.} 50. Nd3 ({But not} 50. Kxd4 $2 c2 $19) 50...
c2 {...Bxd3+ is the strong threat.} 51. Nc1 d3 {[%cal Rd3d2] ( -> ...d2)} 52.
Ke3 Kh5 53. Kd2 Bc4 54. Kc3 Kg4 55. Kd2 {Weighted Error Value: White=0.13/
Black=0.06} 1/2-1/2

[Event "36th European Club Cup 2021"]
[Site "Struga"]
[Date "2021.09.22"]
[Round "5.28"]
[White "Podlesnik, Bogdan"]
[Black "Thybo, Jesper Sondergaard"]
[Result "0-1"]
[WhiteElo "2327"]
[BlackElo "2587"]
[Annotator "ChessBase"]
[PlyCount "64"]
[EventDate "2021.09.18"]
[EventType "team-tourn"]
[EventCountry "MKD"]
[SourceTitle "playchess.com"]
[Source "ChessBase"]
[SourceQuality "1"]
[TimeControl "40/5400+30:1800+30"]

1. e4 {[%emt 0:00:05]} c6 {[%emt 0:00:11]} 2. d4 {[%emt 0:00:05]} d5 {[%emt 0:
00:07]} 3. Nc3 {[%emt 0:00:09]} dxe4 {[%emt 0:00:08]} 4. Nxe4 {[%emt 0:00:10]}
Nf6 {[%emt 0:00:16]} 5. Nxf6+ {[%emt 0:00:52]} exf6 {[%emt 0:00:21]} 6. Ne2 {
[%emt 0:01:16]} Bd6 {[%emt 0:01:03]} 7. Bf4 {[%emt 0:00:33]} Na6 {[%emt 0:01:
18]} 8. Qd2 {[%emt 0:05:16]} Nc7 {[%emt 0:02:38]} 9. O-O-O {[%emt 0:02:31]} Be6
{[%emt 0:00:31]} 10. Bxd6 {[%emt 0:03:04]} Qxd6 {[%emt 0:00:09]} 11. Qf4 {
[%emt 0:00:23]} O-O-O {[%emt 0:01:16]} 12. Qxd6 {[%emt 0:00:23]} Rxd6 {[%emt 0:
00:06]} 13. b3 {[%emt 0:12:36]} Rhd8 {[%emt 0:03:17]} 14. Re1 {[%emt 0:06:04]}
a5 {[%emt 0:18:52]} 15. Kb2 {[%emt 0:01:28]} b5 {[%emt 0:02:20]} 16. a3 {
[%emt 0:01:31]} a4 {[%emt 0:14:10]} 17. g3 {[%emt 0:06:56]} axb3 {[%emt 0:00:
44]} 18. cxb3 {[%emt 0:00:10]} Kb8 {[%emt 0:13:41]} 19. Rc1 {[%emt 0:07:08]}
Bd5 {[%emt 0:01:56]} 20. Rg1 {[%emt 0:01:00]} Bf3 {[%emt 0:00:57]} 21. Rc3 {
[%emt 0:00:42]} Bxe2 {[%emt 0:01:08]} 22. Bxe2 {[%emt 0:00:20]} Ne6 {[%emt 0:
00:06]} 23. Rgc1 {[%emt 0:04:25]} Nxd4 {[%emt 0:00:40]} 24. Bf1 {[%emt 0:00:17]
} g5 {[%emt 0:02:46]} 25. a4 {[%emt 0:00:18]} bxa4 {[%emt 0:01:03]} 26. bxa4 {
[%emt 0:00:16]} Kc7 {[%emt 0:04:37]} 27. Ra3 {[%emt 0:08:09]} Rd5 {[%emt 0:03:
22]} 28. f3 {[%emt 0:01:57]} Rf5 {[%emt 0:01:51]} 29. Rcc3 {[%emt 0:00:15]} g4
{[%emt 0:00:58]} 30. f4 {[%emt 0:03:10]} Rh5 {[%emt 0:00:22]} 31. a5 {[%emt 0:
01:18]} Rxh2+ {[%emt 0:01:04]} 32. Ka1 {[%emt 0:00:10]} Nb5 {[%emt 0:04:27]}
0-1

[Event "36th European Club Cup 2021"]
[Site "Struga"]
[Date "2021.09.22"]
[Round "5.29"]
[White "Rozentalis, Eduardas"]
[Black "Zlatkov, Anton"]
[Result "1/2-1/2"]
[WhiteElo "2509"]
[BlackElo "2132"]
[Annotator "ChessBase"]
[PlyCount "64"]
[EventDate "2021.09.18"]
[EventType "team-tourn"]
[EventCountry "MKD"]
[SourceTitle "playchess.com"]
[Source "ChessBase"]
[SourceQuality "1"]
[TimeControl "40/5400+30:1800+30"]

1. e4 {[%emt 0:00:03]} c5 {[%emt 0:00:05]} 2. Nf3 {[%emt 0:00:12]} d6 {[%emt 0:
00:11]} 3. d4 {[%emt 0:00:23]} cxd4 {[%emt 0:00:12]} 4. Qxd4 {[%emt 0:00:05]}
Nc6 {[%emt 0:00:26]} 5. Bb5 {[%emt 0:00:09]} Bd7 {[%emt 0:00:30]} 6. Bxc6 {
[%emt 0:00:19]} Bxc6 {[%emt 0:00:39]} 7. c4 {[%emt 0:00:14]} Nf6 {[%emt 0:01:
55]} 8. Nc3 {[%emt 0:00:51]} g6 {[%emt 0:04:07]} 9. O-O {[%emt 0:01:47]} Bg7 {
[%emt 0:00:55]} 10. Qd3 {[%emt 0:02:33]} O-O {[%emt 0:00:52]} 11. Nd4 {[%emt 0:
00:07]} Rc8 {[%emt 0:07:03]} 12. Rd1 {[%emt 0:10:36]} Qa5 {[%emt 0:08:37]} 13.
b3 {[%emt 0:03:19]} a6 {[%emt 0:02:02]} 14. Bb2 {[%emt 0:02:51]} Rfd8 {[%emt 0:
03:05]} 15. Qe2 {[%emt 0:27:45]} e6 {[%emt 0:07:58]} 16. Nxc6 {[%emt 0:03:29]}
bxc6 {[%emt 0:02:40]} 17. Na4 {[%emt 0:08:16]} Nh5 {[%emt 0:15:46]} 18. Bxg7 {
[%emt 0:02:46]} Nxg7 {[%emt 0:00:32]} 19. Rac1 {[%emt 0:06:57]} Qe5 {[%emt 0:
09:46]} 20. Nb6 {[%emt 0:11:42]} Rb8 {[%emt 0:02:18]} 21. c5 {[%emt 0:00:14]}
d5 {[%emt 0:01:36]} 22. Qxa6 {[%emt 0:04:55]} Qxe4 {[%emt 0:01:01]} 23. Qd3 {
[%emt 0:01:24]} Qxd3 {[%emt 0:05:08]} 24. Rxd3 {[%emt 0:00:01]} e5 {[%emt 0:01:
03]} 25. b4 {[%emt 0:00:04]} e4 {[%emt 0:04:09]} 26. Rdd1 {[%emt 0:00:49]} Ne6
{[%emt 0:01:04]} 27. b5 {[%emt 0:05:04]} Nxc5 {[%emt 0:05:45]} 28. Rxc5 {
[%emt 0:00:10]} Rxb6 {[%emt 0:00:17]} 29. bxc6 {[%emt 0:00:08]} Rc8 {[%emt 0:
00:29]} 30. g4 {[%emt 0:03:31]} Rbxc6 {[%emt 0:00:15]} 31. Rxc6 {[%emt 0:00:06]
} Rxc6 {[%emt 0:00:03]} 32. Rxd5 {[%emt 0:00:05]} Ra6 {[%emt 0:00:22]} 1/2-1/2

[Event "36th European Club Cup 2021"]
[Site "Struga"]
[Date "2021.09.22"]
[Round "5.30"]
[White "Andonovski, Ljubisa"]
[Black "Chatalbashev, Boris"]
[Result "0-1"]
[WhiteElo "2252"]
[BlackElo "2530"]
[Annotator "TA"]
[PlyCount "108"]
[EventDate "2021.09.18"]
[EventType "team-tourn"]
[EventCountry "MKD"]
[SourceTitle "playchess.com"]
[Source "ChessBase"]
[SourceQuality "1"]

{[%evp 15,108,20,25,-15,-12,-14,-14,-29,-14,-20,-20,-26,-24,-27,-32,-30,-26,
-27,-28,-45,-58,-57,-54,-64,-39,-75,-28,-26,-19,-19,-29,-39,-25,-51,0,-334,
-328,-301,-296,-492,-510,-472,-282,-382,-368,-349,-296,-295,-292,-287,-279,
-262,-141,-102,-60,-75,-75,-62,-77,-72,-35,-35,-39,-36,-39,-105,-100,-96,-33,
-66,-66,-66,-66,-66,-66,-66,-66,-74,-66,-121,-74,-147,-74,-74,-74,-66,-68,
-12846,-12846,-12848,-12848,-12849,-12847,-12849,-12849]} 1. d4 Nf6 2. Nf3 g6
3. c4 Bg7 4. Nc3 d5 5. cxd5 Nxd5 6. e4 Nxc3 7. bxc3 c5 8. Be3 Bg4 9. Rb1 {
D85: Exchange Grünfeld: Unusual White 7th moves and lines with 7 Nf3.} O-O 10.
Rxb7 Nc6 11. Be2 {The position is equal.} Bxf3 12. Bxf3 cxd4 13. cxd4 Bxd4 14.
Bxd4 Nxd4 15. O-O e5 16. Be2 Qc8 {[#]} 17. Rb2 $146 ({Predecessor:} 17. Ba6 Qc5
18. Qa4 Rab8 19. Rxb8 Rxb8 20. Bc4 Kg7 21. Qa6 Rb2 22. h3 Rd2 23. Kh1 {1/2-1/2
(53) Simantsev,M (2383)-Bagirov,R (2471) Tula 2002}) 17... Qc6 18. Qb1 Rac8 19.
Bb5 Qd6 (19... Qc5 {is more complex.} 20. Ba6 Rc7 21. Qd3 Rd8 22. Rfb1 Rd6) 20.
Rc1 Rxc1+ 21. Qxc1 Qa3 22. Bf1 Kg7 23. Qd2 Rc8 24. h4 h5 (24... Qd6 $15) 25.
Rb7 $2 {[%mdl 8192]} (25. Qb4 $1 $11 Qxb4 26. Rxb4) 25... Rc1 $19 26. Rb2 Ra1 {
And now ...Qa6 would win.} 27. f4 $2 (27. f3) 27... Qc5 28. Qf2 {[#]} exf4 (
28... Re1 $142 $3 {[%mdl 512] White must now prevent ...Qc1.} 29. f5 gxf5) 29.
Kh2 Qe5 30. Rd2 Ne6 31. Bc4 Nc5 ({Much less strong is} 31... Qxe4 32. Bb3 $19)
32. Qd4 Qxd4 33. Rxd4 {[%mdl 4096] Endgame intending e5. KRB-KRN} Re1 (33... f6
$19 34. Bd5 Kh6) 34. Rd5 $17 Nxe4 {( -> ...Ng3)} 35. Rd7 g5 $1 36. hxg5 Nxg5
37. Rxa7 Rc1 38. Bb3 h4 39. Ra4 Rf1 40. Bc4 (40. Bd5 $15) 40... Rf2 $1 41. Kg1
{[#]} Rd2 ({Black should try} 41... h3 $1 $17 42. gxh3 (42. Kxf2 $2 {too
greedy.} h2 $19) 42... Nxh3+ 43. Kh1 Ng5) 42. Bf1 f3 {Strongly threatening ...
f2+.} 43. Rf4 $1 fxg2 ({Resist} 43... Rxa2 44. gxf3 Rc2 45. Rf5 $17) 44. Bxg2
h3 45. Bc6 Rxa2 46. Rf2 Ra6 (46... Ra3 {with more complications.} 47. Kh1 Kg6
48. Bd7 Ra5 49. Kh2 f5) 47. Bd5 (47. Bd7 $15) 47... Rd6 48. Ba2 (48. Bb3 $142)
48... Kg6 ({Black should play} 48... Rd3 {Hoping for ...Nf3+.} 49. Rf1 Rd2) 49.
Kh2 Kh5 {...Kg4 is the strong threat.} 50. Bc4 Rd4 51. Bxf7+ {[%mdl 8192] This
costs White the game.} (51. Ba6 $15) 51... Kg4 $19 {Black is clearly winning.}
52. Bb3 Nf3+ 53. Kh1 Kg3 54. Rb2 Re4 {[%cal Re4e1] Weighted Error Value:
White=0.47/Black=0.16} 0-1